000 00311nam a22001457a 4500
008 210305b ||||| |||| 00| 0 eng d
020 _a9780030305580
041 _aeng
080 _a510
082 _a510
100 _a36
101 _aMAT
245 _aAbstract ALgebra
_cHungerford,W.TH
942 _2udc
_cBK
999 _c55885
_d55885